| 000 | 00980cam a22002654a 4500 | ||
|---|---|---|---|
| 001 | 4522602 | ||
| 005 | 20230322124003.0 | ||
| 008 | 990520s1999 vaua b 001 0 eng | ||
| 010 | _a 99034583 | ||
| 020 | _a1563473305 (pbk. : alk. paper) | ||
| 040 |
_aDLC _cDLC _dDLC |
||
| 042 | _apcc | ||
| 050 | 0 | 0 |
_aTL671.4 _b.L68 1999 |
| 082 | 0 | 0 |
_a629.133 _221 _bLOW |
| 100 | 1 |
_aLowry, John T., _d1935- _9111058 |
|
| 245 | 1 | 0 |
_aPerformance of light aircraft / _cJohn T. Lowry. |
| 260 |
_aReston, Va. : _bAmerican Institute of Aeronautics and Astronautics, _cc1999. |
||
| 300 |
_axxv, 475 p. : _bill. ; _c23 cm. |
||
| 504 | _aIncludes bibliographical references and index. | ||
| 650 | 0 |
_aPrivate planes _xPerformance. _9111059 |
|
| 906 |
_a7 _bcbc _corignew _d1 _eocip _f19 _gy-gencatlg |
||
| 942 |
_2ddc _cBK |
||
| 999 |
_c594065 _d594065 |
||